[Event "MCR mladeze, Kouty 2018 - H10"]
[Site "Kouty nad Desnou"]
[Date "2018.03.12"]
[Round "3"]
[White "Nemec, Jachym"]
[Black "Brozka, Karel"]
[Result "1-0"]
[WhiteElo "1539"]
[BlackElo "1665"]
[EventDate "2018.03.10"]

1. e4 d6 2. d4 Nd7 3. Nf3 e5 4. Nc3 Ngf6 5. Bc4 Be7 6. O-O O-O 7. Re1 c6 8. a4
Qc7 9. h3 h6 10. Be3 Rd8 11. Qe2 Nb6 12. Bb3 Nbd7 13. Qc4 Rf8 14. Rad1 exd4 15.
Bxd4 Ne5 16. Qe2 Bd7 17. Nh4 Nh7 18. Bxe5 dxe5 19. Ng6 Rfe8 20. Rxd7 Qxd7 21.
Bxf7+ Kxf7 22. Nxe5+ Ke6 23. Nxd7 Kxd7 24. Qf3 Ng5 25. Rd1+ Bd6 26. Qd3 Nf7 27.
e5 Rxe5 28. Qg6 Rae8 29. g3 R8e7 30. Qg4+ Kc7 31. Kg2 Rg5 32. Qc4 Rc5 33. Qd4
Rce5 34. b4 R5e6 35. b5 c5 36. b6+ axb6 37. Nd5+ Kd8 38. Qb2 Be5 39. Nxe7+ Kxe7
40. Qb5 Rc6 41. Re1 Kd7 42. Qd3+ Kc7 43. Qd5 Rf6 44. f4 Bd6 45. Re6 Rxe6 46. Qxe6
Nd8 47. Qg6 Bf8 48. f5 1-0

[Event "MCR mladeze, Kouty 2018 - H10"]
[Site "Kouty nad Desnou"]
[Date "2018.03.12"]
[Round "3"]
[White "Finek, Vaclav"]
[Black "Juhanak, Daniel"]
[Result "1-0"]
[WhiteElo "1626"]
[BlackElo "1398"]
[EventDate "2018.03.10"]

1. e4  e5  2. Nf3  Nc6
3. Bc4  Bc5  4. c3
Nf6  5. d4  exd4
6. cxd4  Bb4+  7. Bd2
Nxe4  8. Bxb4  Nxb4
9. Bxf7+  Kxf7  10. Qb3+
d5  11. Ne5+  Ke6
12. Qxb4  c5  13. Qb3
Qa5+  14. Nc3  cxd4
15. Nc4  dxc4  16. Qxc4+
Kf5  17. g4+ Kg6  18. O-O dxc3
19. Qxe4+ Kf7 20. Rfe1  Qd8  21. Qc4+
Kg6  22. Rad1  Qf6
23. bxc3  Rf8  24. Qc5
b6  25. Qh5# 1-0

[Event "MCR mladeze, Kouty 2018 - H10"]
[Site "Kouty nad Desnou"]
[Date "2018.03.12"]
[Round "3"]
[White "Fizer, Marek"]
[Black "Hladky, Tadeas"]
[Result "0-1"]
[WhiteElo "1434"]
[BlackElo "1592"]
[EventDate "2018.03.10"]

1. e4  e5  2. Nf3  Nc6
3. Bb5  Nf6  4. d3
Bc5  5. c3  O-O
6. O-O  d6  7. Re1  a6
8. Ba4  b5  9. Bb3
Bb6  10. Nbd2  Na5
11. Bc2  Nc6  12. Nf1
Ng4  13. Be3  Nxe3
14. Nxe3  Bxe3  15. Rxe3
Qe7  16. d4  Bd7
17. Qd2  Rad8  18. a4
Na5  19. Qc1  Nc4
20. Re1  Nb6 21. a5 Nc8 22. Bd3
c5  23. b3  Bg4  24. Qe3
Rfe8  25. Nd2  Qc7
26. Qg5  Bd7  27. Nf3
Qa7  28. d5  Ne7
29. Nh4  Ng6  30. Nf5
Bxf5  31. exf5  f6
32. Qg4  Ne7  33. Be4
Qd7  34. Re3  Kh8
35. Rh3  Rf8  36. Ra2
g6  37. Qh4  Nxf5
38. Bxf5  gxf5  39. Rd2
Qf7  40. Rdd3  f4
41. Rdf3  Rg8  42. g3
Rg7  43. Kg2  Rf8
44. c4  bxc4  45. bxc4
Qc7  46. Ra3  Qd7
47. Kf1  Qf5  48. Rb3
Qc2  49. g4  Qd1+
50. Kg2  Rxg4+  51. Qxg4
Qxg4+  52. Kf1  Qd1+
53. Kg2  Rg8+  54. Rhg3
fxg3  55. Rxg3  Rxg3+
56. hxg3  e4  57. Kh3
f5  0-1

[Event "MCR mladeze, Kouty 2018 - H10"]
[Site "Kouty nad Desnou"]
[Date "2018.03.12"]
[Round "3"]
[White "Soucek, Jan"]
[Black "Jasso, Matej"]
[Result "1-0"]
[WhiteElo "1354"]
[BlackElo "1115"]
[EventDate "2018.03.10"]

1. d4  d5  2. Nf3  Nf6
3. g3  g6  4. Bg2
Bg7  5. c4  dxc4
6. Qa4+  c6  7. Qxc4
O-O  8. O-O  b5
9. Qb3  Be6  10. Qc2  Bf5
11. Qd1  Na6  12. Ne5
Be4  13. f3  Bd5
14. e4  Bc4  15. Nxc4
bxc4  16. Na3 Ne8 17. e5  c5
18. f4  Rb8  19. d5
c3  20. bxc3  e6
21. d6  f6  22. Re1
fxe5  23. fxe5  Nxd6
24. exd6  Bxc3  25. Bh6
Bxa1  26. Qxa1  Rf7
27. Rxe6  Qd7  28. Bd5
Qa4  29. Re8+  Rxe8
30. Qg7#  1-0

[Event "MCR mladeze, Kouty 2018 - H10"]
[Site "Kouty nad Desnou"]
[Date "2018.03.12"]
[Round "3"]
[White "Buchta, Bartolomej"]
[Black "Ulcak, Michael"]
[Result "1-0"]
[WhiteElo "1352"]
[BlackElo "1354"]
[EventDate "2018.03.10"]

1. e4  e5  2. Nf3  Nc6
3. Bc4  Bc5  4. c3
Nf6  5. d4  exd4
6. cxd4  Bb4+  7. Nc3
d5  8. exd5  Nxd5
9. O-O  Bxc3  10. bxc3
O-O  11. Re1  Nce7
12. Ba3  Re8  13. Qb3
Be6  14. Qxb7  c5
15. Bxc5  Rb8 16. Qa6 Nc7  17.
Qa4  Bd7  18. Qc2  Ned5
19. Rxe8+  Bxe8  20. Qf5
h6  21. Ne5  g6
22. Qf3  a6  23. Re1  a5
24. Qg3  a4  25. h4
h5  26. f4  Qc8
27. Bd6  Rb2  28. Bxc7  Nxc7
29. Qxg6+  Kf8  30. Bxf7
Qb7  31. Nd7+  Bxd7 1-0

[Event "MCR mladeze, Kouty 2018 - H10"]
[Site "Kouty nad Desnou"]
[Date "2018.03.12"]
[Round "3"]
[White "Prazak, Daniel"]
[Black "Day, Tobias"]
[Result "1/2-1/2"]
[WhiteElo "1308"]
[BlackElo "1340"]
[EventDate "2018.03.10"]

1. d4  d5  2. c4  c6
3. Bf4  Nf6  4. e3
e6  5. Bd3  Be7
6. h3  c5  7. Nf3  Qb6
8. Qc2  Nc6  9. dxc5
Bxc5 10. Nbd2 Bd7  11. Rc1  Nb4
12. Qb3  Rc8  13. Bb1
Be7  14. O-O  O-O
15. Ne5  Bc6  16. a3
Na6  17. Qc2  g6
1/2-1/2

[Event "MCR mladeze, Kouty 2018 - H10"]
[Site "Kouty nad Desnou"]
[Date "2018.03.12"]
[Round "3"]
[White "Pressler, Tobias"]
[Black "Zelba, Lukas"]
[Result "1/2-1/2"]
[WhiteElo "1336"]
[BlackElo "1184"]
[EventDate "2018.03.10"]

1. e4  c5  2. c3  g6
3. Nf3  Bg7  4. d4
cxd4  5. cxd4  d5
6. exd5  Nf6  7. Nc3
Bf5  8. Bc4  Nbd7
9. O-O  O-O  10. Bf4
Nb6  11. Bb3  Nfxd5
12. Nxd5  Nxd5  13. Be3
Rc8  14. Rc1  Rxc1
15. Qxc1  Nxe3  16. fxe3
Qd6  17. Qd2  e5
18. Rd1  exd4  19. Nxd4
Bxd4  20. Qxd4  Qxd4
21. Rxd4  Kg7  22. Kf2
Re8  23. g3  Re4
24. Rd8  Be6  25. Bxe6
Rxe6  26. Rd7  Rb6
27. b3  Kf6  28. Kf3
Ke6  29. Rc7  h6
30. h4  Kf6  31. g4
Ke6  32. e4  f6
33. Rh7  h5  34. gxh5  gxh5
35. Rxh5  Kf7  36. Rc5
Kg6  37. Kf4  Rb4
38. Rd5  Rb6  39. Rd8
Rb5  40. Kg4  Rb4
41. Kf4  Rb5  42. Rd4
Rh5  43. Kg4  Re5
44. Kf4  a6  45. Rd5
Re7  46. e5  fxe5+
47. Rxe5  Rf7+  48. Ke4
Rh7  49. Rg5+  Kf6
50. Rg4  Rh5  51. Kd4
Ke6  52. Rg5  Rxh4+
53. Kc5  Rh7  54. Kb6
Ke7  55. Rc5  Kd6
56. Rc2  Rf7  57. Rd2+
Ke5  58. a4  Ke6
59. Rd8  Rf3  60. Kxb7
a5  61. Kb6  Rxb3+
62. Kxa5  Ke7  63. Rd1
Rb8  64. Rd4  Rd8
65. Rh4  Kd7  66. Kb6
Kc8  67. Ka7  Rd7+
68. Ka8  Kc7  69. Rc4+
Kb6  70. Rc8  Ra7+
71. Kb8  Rb7+  72. Ka8
Ra7+  73. Kb8  Rb7+
74. Ka8 1/2-1/2

[Event "MCR mladeze, Kouty 2018 - H10"]
[Site "Kouty nad Desnou"]
[Date "2018.03.12"]
[Round "3"]
[White "Buchtova, Viktorie"]
[Black "Setina, Vaclav"]
[Result "0-1"]
[WhiteElo "1023"]
[BlackElo "1224"]
[EventDate "2018.03.10"]

1. e4  c5  2. Nf3  d6
3. d4  cxd4  4. Nxd4
Nf6  5. Nc3  e6
6. Bg5  Be7  7. Bd3  O-O
8. O-O  Nxe4  9. Bxe7
Nxc3  10. Bxd8  Nxd1
11. Raxd1  Rxd8  12. f4
Nc6  13. Nb3  b6
14. f5  Nb4  15. Be4
d5  16. Bd3 Nxd3  17. Rxd3 Ba6
18. Re3 Bxf1  19. Kxf1  Re8
20. fxe6  Rxe6  21. Rd3 Re5 22.
Nd4 Ree8  23. Nc6  Rac8  24. Nxa7
Rxc2  25. Rxd5  g6
26. Rb5  Ra8  27. Rxb6
Rxa7  28. a3  Rd7
29. Rb8+  Kg7  30. Re8
Rd1+  31. Re1 Rxe1+ 32. Kxe1
Kf6  33. b4  Ke5  34. b5
Rb2  35. a4 Rb4 36. Kd2  Rxa4
37. Kc3  Ra1  38. Kc2
Ra5  39. b6  Rb5
40. b7  Rxb7  41. Kd2
Rb3  42. Ke2  Ke4
43. Kf2  f5  44. g3
Rb2+  45. Kg1  Kf3
46. h4  Kxg3  47. Kf1 Kf3
48. Kg1  h5  49. Kh1
Kg3  50. Kg1  Rb1# 0-1

[Event "MCR mladeze, Kouty 2018 - H10"]
[Site "Kouty nad Desnou"]
[Date "2018.03.12"]
[Round "3"]
[White "Kubin, Tomas Daniel"]
[Black "Nguyen, Thai Dang Vi"]
[Result "1-0"]
[WhiteElo "1218"]
[BlackElo "1435"]
[EventDate "2018.03.10"]

1. e4  e5  2. Nf3  Nc6
3. d4  exd4  4. Bc4
Nf6  5. e5  d5
6. Bb5  Ne4  7. Nxd4  Bc5
8. O-O  O-O  9. Bxc6
bxc6  10. Be3  Bb7
11. Nd2  Nxd2  12. Qxd2
Bb6  13. Nb3  Re8
14. f4  f6  15. Bd4
fxe5  16. fxe5  Rxe5
17. Kh1  Bxd4  18. Qxd4
Qd6  19. Rae1  Rxe1
20. Rxe1  Qf6  21. Qxf6
gxf6  22. Re7  Rc8
23. Nc5  Ba8  24. Ne6
a5  25. Nxc7  Rb8
26. Nxa8  Rxa8  27. Re6
Rb8  28. b3  a4
29. Rxf6  axb3  30. axb3  Rc8
31. Kg1  Kg7  32. Rf5
Kg6  33. g4  Ra8
34. Re5  Kf6  35. Re2
c5  36. Kf2  c4
37. bxc4  dxc4  38. Re4  c3
39. Rc4  Kg5  40. Rxc3
Kxg4  41. Kg2  h5
42. Rc5  h4  43. Rc4+
Kg5  44. Kh3  Ra3+
45. c3  Rb3  46. Rc5+
Kf4  47. Kxh4  Ke4
48. Rc8  Rb2  49. h3
Rc2  50. c4  Rg2
51. Kh5  Ke5  52. h4
Kd6  53. Kh6  Kd7
54. Ra8  Rg4  55. h5
Rxc4  56. Ra6  Ke7
57. Kg7  Rc7  58. h6
Ke8+  59. Kg8  Rc2
60. Ra8+ Ke7  61. Ra7+  Ke8
62. h7  1-0

[Event "MCR mladeze, Kouty 2018 - H10"]
[Site "Kouty nad Desnou"]
[Date "2018.03.12"]
[Round "3"]
[White "Veverka, Vladimir"]
[Black "David, Adam"]
[Result "0-1"]
[WhiteElo "1217"]
[BlackElo "1379"]
[EventDate "2018.03.10"]

1. e4 c5 2. Nf3 e6 3. Nc3 a6 4. a4 Qc7 5. d4 cxd4 6. Nxd4 Nf6 7. Bd3 b6 8. O-O
Bb7 9. Qf3 Be7 10. Qg3 Qxg3 11. hxg3 d6 12. Re1 Nbd7 13. Nb3 O-O 14. Bf4 Rac8 15.
a5 b5 16. f3 Rfd8 17. Kh1 h6 18. g4 Nh7 19. Kg1 Ndf8 20. Kh1 Ng6 21. Bg3 Bf6 22.
Rab1 Bxc3 23. bxc3 Rxc3 24. Ra1 d5 25. Rad1 dxe4 26. fxe4 Nf6 27. e5 Nxg4 28.
Bxg6 Rxd1 29. Rxd1 fxg6 30. Be1 Rxc2 31. Rd2 Rxd2 32. Bxd2 Nxe5 33. Nc5 Bc8 34.
Bc3 Nc4 0-1

[Event "MCR mladeze, Kouty 2018 - H10"]
[Site "Kouty nad Desnou"]
[Date "2018.03.12"]
[Round "3"]
[White "Zemek, Antonin"]
[Black "Barta, David"]
[Result "0-1"]
[WhiteElo "1094"]
[BlackElo "1164"]
[EventDate "2018.03.10"]

1. d4  d5  2. Bf4  Nf6
3. e3  e6  4. Nf3
c5  5. c3  c4
6. Nbd2  Nc6  7. Be2  Bd6
8. Bg3  Bxg3  9. hxg3
b5  10. O-O  Bd7
11. Qc2  a5 12. Ne5  Qc7
13. Ndf3  Ne4  14. Nxc6
Bxc6  15. Ne5  a4
16. Nxc6  Qxc6  17. Rfc1
f5  18. b3  a3
19. b4  Nf6  20. Bf3  g6
21. Re1  O-O-O  22. Qc1
Qa6  23. Kf1  h5
24. Ke2  h4  25. gxh4
Rxh4  26. Rh1  Rdh8
27. Rxh4  Rxh4  28. g3
Rh7  29. Qc2  Kd7
30. Rh1  Rxh1  31. Bxh1
Kd6  32. f4  Qa8
33. Bf3  Qh8  34. Bg2
Qh2  35. Kf2  Ne4+
36. Ke1  Qg1+  37. Bf1
Qxe3+  38. Kd1  Nxc3+
39. Qxc3  Qxc3  40. Be2
Qa1+  41. Kd2  Qxa2+
42. Ke1  Qxe2+  43. Kxe2
a2  44. Kf3  a1=Q
45. g4  Qf1+  46. Kg3
fxg4  47. Kxg4  Qg2+
0-1

[Event "MCR mladeze, Kouty 2018 - H10"]
[Site "Kouty nad Desnou"]
[Date "2018.03.12"]
[Round "3"]
[White "Taus, Zdenek"]
[Black "Juracak, David"]
[Result "0-1"]
[WhiteElo "1152"]
[BlackElo "1074"]
[EventDate "2018.03.10"]

1. b3  d5  2. g3  e5
3. Bb2  Nc6  4. Bg2
Bf5  5. d3  Nf6
6. e3  Bd6  7. Nd2  O-O
8. Ne2  Re8  9. h3
h5  10. f3  e4
11. fxe4  dxe4  12. d4  Nd5
13. Nc4  Qg5  14. Rf1
Bxg3+  15. Kd2  Bd6
16. Rg1  Bh2  17. h4
Qg6  18. Bxe4  Bxg1
19. Bxf5  Qxf5  20. Qxg1
Qh3  21. Nf4  Nxf4
22. d5  Ng6  23. dxc6
bxc6  24. Rf1  Qxh4
25. Rf4  Rad8+  26. Kc1
Qe7  27. Bd4  Qf8
28. Rf3  c5  29. Bb2
Ne7  30. Rg3  f6
31. Ne5  fxe5  32. Rg5
Nf5  33. e4  Ne3
34. Bd4  Rxd4  35. Qxe3
Qf4  0-1

[Event "MCR mladeze, Kouty 2018 - H10"]
[Site "Kouty nad Desnou"]
[Date "2018.03.12"]
[Round "4"]
[White "Nemec, Jachym"]
[Black "Finek, Vaclav"]
[Result "0-1"]
[WhiteElo "1539"]
[BlackElo "1626"]
[EventDate "2018.03.10"]

1. e4 d6 2. d4 Nf6 3. Nc3 g6 4. Nf3 Bg7 5. Bg5 O-O 6. Be2 c6 7. Qd2 b5 8. Bd3 Bg4
9. Qf4 Bxf3 10. Qxf3 b4 11. Ne2 Nbd7 12. Bd2 a5 13. c3 c5 14. O-O Rc8 15. a3 c4
16. Bc2 b3 17. Bd1 d5 18. e5 Ne4 19. Qe3 Nxd2 20. Qxd2 Nb6 21. f4 e6 22. Ng3 f5
23. Nh1 Na4 24. Bf3 Kf7 25. g3 Ke7 26. Nf2 Kd7 27. Nd1 h6 28. Rf2 g5 29. Rg2 Rg8
30. Ne3 Kc7 31. Kh1 Bf8 32. Be2 Kb8 33. Bh5 Qd7 34. Be2 Nb6 35. Rag1 Qf7 36. Nd1
Be7 37. Bf3 h5 38. Nf2 g4 39. Bd1 h4 40. gxh4 Rh8 41. Rf1 Rxh4 42. Kg1 Rch8 43.
Nh1 Nd7 44. Ng3 Nf8 45. Rff2 a4 46. Kf1 Ng6 47. Ke1 Rh3 48. Nh1 Bh4 49. Ng3 Rxh2
50. Rxh2 Bxg3 51. Rxh8+ Nxh8 52. Kf1 Bxf2 53. Qxf2 Qh5 54. Kg1 Ng6 55. Qg3 Qh6
0-1

[Event "MCR mladeze, Kouty 2018 - H10"]
[Site "Kouty nad Desnou"]
[Date "2018.03.12"]
[Round "4"]
[White "Hladky, Tadeas"]
[Black "Buchta, Bartolomej"]
[Result "1-0"]
[WhiteElo "1592"]
[BlackElo "1352"]
[EventDate "2018.03.10"]

1. e4  c5  2. c3  d5
3. exd5  Qxd5  4. d4
e6  5. Nf3  Nf6
6. Be2  Be7  7. O-O  O-O
8. Be3  cxd4  9. cxd4
Nc6  10. Nc3  Qd6
11. Qb3  a6  12. Rfd1
Na5  13. Qc2  b5
14. Rac1  Bb7  15. Ne5
Rac8  16. Qb1  Nc4
17. Bxc4  bxc4  18. Qc2
Nd5  19. Ne4  Qd8
20. Qe2  Nxe3  21. Qxe3
Qd5  22. f3  f6
23. Nc3  Qd8  24. Nxc4  e5
25. Ne4  exd4  26. Qxd4
Qxd4+  27. Rxd4  Bc5
28. Nxc5  Rxc5  29. Rcd1
Bc6  30. Kf2  Re8
31. b4  Rg5  32. Nd6
Rb8  33. g4  h5
34. Nf5  Re8 35. h4  Rxf5 36. gxf5
Re5 37. Rf4  g5 38. fxg6  Kg7
39. Rd6  Bb5 40. Rfxf6  Re2+ 41. Kg3
Bc4 42. Rf4  Bxa2 43. Rxa6  Bd5
44. Rd4  Be6 45. f4  Kxg6 46. Kf3
Rh2 47. Rxe6+  Kf5 48. Re5+  Kg6
49. Rg5+  Kf6 50. Rxh5  Kg6 51. Rdd5
1-0

[Event "MCR mladeze, Kouty 2018 - H10"]
[Site "Kouty nad Desnou"]
[Date "2018.03.12"]
[Round "4"]
[White "Brozka, Karel"]
[Black "Soucek, Jan"]
[Result "1/2-1/2"]
[WhiteElo "1665"]
[BlackElo "1354"]
[EventDate "2018.03.10"]

1. d4  d5  2. Nf3  c6
3. c4  dxc4  4. Nc3
e6  5. Bg5  Nf6
6. e3  b5  7. Be2  Bb7
8. O-O  Nbd7  9. a4
Qb6  10. Qc2  a5
11. Bxf6  Nxf6  12. Ne5
Be7  13. f4  Nd5
14. Nxd5  cxd5  15. axb5
Qxb5  16. b3  Qxb3
17. Qxb3  cxb3  18. Bb5+
Kf8  19. Rfb1  f6
20. Nd7+  Kf7  21. Rxb3
Bb4  22. Nb6  Rab8
23. Rc1  Rhd8  24. Rc7+
Kg8  25. Nd7  Rdc8
26. Rxc8+  Rxc8  27. Kf2
Bc6  28. Nb6  Rb8
29. Bxc6  Rxb6  30. Ba4
Kf7  31. Ke2  Kg6
32. Be8+  Kh6  33. e4
g6  34. e5  f5
35. Rb1  Rb7  36. Rc1  Ba3
37. Rc2  Kg7  38. Kd3
Rb3+ 39. Rc3 Rxc3+ 40. Kxc3 Bb4+ 41. Kb3 1/2-1/2

[Event "MCR mladeze, Kouty 2018 - H10"]
[Site "Kouty nad Desnou"]
[Date "2018.03.12"]
[Round "4"]
[White "Juhanak, Daniel"]
[Black "Fizer, Marek"]
[Result "0-1"]
[WhiteElo "1398"]
[BlackElo "1434"]
[EventDate "2018.03.10"]

1. Nf3  c5  2. b3  e6
3. Bb2  Nf6  4. e3
d5  5. Be2  Bd6
6. O-O  Nc6  7. d4  cxd4
8. exd4  Qc7  9. Nbd2
O-O  10. h3  Rd8
11. Rc1  Bd7  12. c4
Rac8  13. Bd3  Nb4
14. Bb1  Qb8  15. Ne5
Bxe5  16. dxe5  Ne8
17. Qg4  dxc4  18. Nxc4
Bb5  19. Qe4  g6
20. Rfe1  Bc6  21. Qe2
b5  22. Nd6  Nxd6
23. exd6  Qxd6  24. Red1
Nd5  25. Qf3  Qe7
26. Be4  f5  27. Bxd5
Bxd5  28. Qe2  Qg5
29. f3  Kf7  30. Qe5
Qe7  31. Qg7+  Ke8
32. Qxe7+ Kxe7  33. Rxc8  Rxc8
34. Rc1  Rxc1+  35. Bxc1
Kd6  36. Kf2  Kc5
37. Ba3+  Kd4  38. Ke2
Kc3  39. Kd1  a5
40. Kc1  h5  41. h4
Kd3  42. Kd1  e5
43. Bb2  e4  44. fxe4
fxe4  45. g3  e3
0-1

[Event "MCR mladeze, Kouty 2018 - H10"]
[Site "Kouty nad Desnou"]
[Date "2018.03.12"]
[Round "4"]
[White "Setina, Vaclav"]
[Black "Pressler, Tobias"]
[Result "0-1"]
[WhiteElo "1224"]
[BlackElo "1336"]
[EventDate "2018.03.10"]

1. e4  d6  2. d4  Nf6
3. Bd3  e5  4. c3
Be7  5. Nf3  Nbd7
6. O-O  O-O  7. Re1
c6  8. h3  Re8
9. Be3  Bf8  10. Nbd2  exd4
11. cxd4  Nb6  12. Rc1
Be6  13. Nf1  a5
14. Ng5  Bxa2  15. b3
a4  16. e5  Bxb3
17. exf6  Bxd1  18. Bxh7+
Kh8  19. Nxf7+  Kxh7
20. Nxd8  Raxd8  21. Rcxd1
Nc4  22. fxg7  Bxg7
23. Ra1  b5  24. Bg5
Rxe1  25. Rxe1  Ra8
26. Re7  Kg6  27. h4
a3  28. g4  a2
29. f4  a1=Q  30. h5+  Kh7
31. Bf6  Ra7  32. d5
Qxf6  33. Rxa7  Qd4+
34. Kh1  Qxa7  35. g5
Qf2  36. g6+  Kg8
0-1

[Event "MCR mladeze, Kouty 2018 - H10"]
[Site "Kouty nad Desnou"]
[Date "2018.03.12"]
[Round "4"]
[White "David, Adam"]
[Black "Kubin, Tomas Daniel"]
[Result "0-1"]
[WhiteElo "1379"]
[BlackElo "1218"]
[EventDate "2018.03.10"]

1. e4  d5  2. Nc3  d4
3. Nce2  e5  4. d3
Nf6  5. f4  Bd6
6. Nf3  Nc6  7. g3  Bd7
8. Bg2  Qe7  9. Bd2
h6  10. fxe5  Bxe5
11. Nxe5  Qxe5  12. Bf4
Qa5+  13. c3  Qb6
14. Qc2  dxc3  15. bxc3
Rc8  16. d4  Na5
17. O-O  O-O  18. Rad1
Nc4  19. Rfe1  Qa6
20. Qd3  Bb5  21. Qf3
Nb2  22. Rb1  Nd3
23. Red1  Nc5  24. Nc1
Ncxe4  25. Be5  Bc6
26. Rb2  Nd2  27. Qf4
Nc4  28. Rf2  Nxe5
29. dxe5  Nd7  30. Rfd2
Nc5  31. Bh3  Rce8
32. Nb3  Qb6  33. Nd4
Ba4  34. Re1  Bb5
35. Red1  Nd3  36. Qf3
Nxe5  37. Qf5  Bd7
38. Qf1  Bxh3  39. Qxh3
Nf3+  40. Kh1  Nxd2
41. Rxd2  Qb1+  42. Kg2
Qe1  43. Rf2  Qxc3
44. Nf5  Qc6+  45. Kg1
Re1+  46. Rf1  Qc5+
47. Kh1  Rfe8  48. a4
Qf2  49. Nxh6+  Kf8
50. Nf5  Rxf1+  51. Qxf1
Qxf1#  0-1

[Event "MCR mladeze, Kouty 2018 - H10"]
[Site "Kouty nad Desnou"]
[Date "2018.03.12"]
[Round "4"]
[White "Day, Tobias"]
[Black "Zelba, Lukas"]
[Result "1-0"]
[WhiteElo "1340"]
[BlackElo "1184"]
[EventDate "2018.03.10"]

1. d4  Nf6  2. Nf3  g6
3. g3  Bg7  4. Bg2
d6  5. c4  Bf5
6. Nc3  c6  7. O-O  Nbd7
8. Re1  c5  9. e4
cxd4  10. Nxd4  Bg4
11. f3  e5  12. Ndb5
Be6  13. Nxd6+  Ke7
14. Ndb5  Nc5  15. Nd5+
Bxd5  16. exd5  Ne8
17. Be3  b6  18. f4
Nd6  19. Nxd6  Kxd6
20. fxe5+  Bxe5  21. b4
Nd7  22. c5+  bxc5
23. bxc5+  Nxc5  24. Bxc5+
Kxc5  25. Qc2+  Kd6
26. Qc6+  Ke7  27. Rxe5+
Kf8  28. d6  Rc8
29. d7  Rxc6  30. Re8+
Qxe8  31. dxe8=Q+  Kxe8
32. Bxc6+  Ke7  33. Rb1
Kd6  34. Bg2  Rc8
35. Rd1+  Ke7  36. Bh3
Rc7  37. Rd2  f5
38. Kf2  Kf6  39. Bg2
Ke5  40. Ke2  h6
41. Rd5+  Ke6  42. Kd3
Rc1  43. Ra5  Rc7
44. Bd5+  Kf6  45. Kd4
Kg5  46. Bf3  Kf6
47. Rc5  Rd7+  48. Rd5
Rc7  49. Rd6+  Kg7
50. Bc6  g5  51. Rd7+
Rxd7+  52. Bxd7  Kf6
53. Kd5  h5  54. Kd4
g4  55. Bc8  Kg5
56. Ke3  h4  57. gxh4+
Kxh4  58. Bxf5  Kg5
59. Bc8  1-0

[Event "MCR mladeze, Kouty 2018 - H10"]
[Site "Kouty nad Desnou"]
[Date "2018.03.12"]
[Round "4"]
[White "Jasso, Matej"]
[Black "Prazak, Daniel"]
[Result "0-1"]
[WhiteElo "1115"]
[BlackElo "1308"]
[EventDate "2018.03.10"]

1. e4  c6  2. d4  d5
3. e5  c5  4. Nf3
Bg4  5. h3  Bh5
6. Be3  e6  7. dxc5  Bxc5
8. Bxc5  Qa5+  9. b4
Qc7  10. Nc3  Bxf3
11. Qxf3  Qxe5+  12. Qe3
Qc7  13. Nb5  Qd7
14. Nd6+  Kd8  15. Bb5
Nc6  16. Bxc6  bxc6
17. Qa3  Nh6  18. Qa5+
Qc7  19. Qxc7+  Kxc7
20. g4  f6  21. Kd2
Rhd8  22. Rhe1  Rxd6
23. Bxd6+  Kxd6  24. Re2
Nf7  25. f4  e5
26. fxe5+  Nxe5  27. Rae1  Nf3+
28. Kd3  Nxe1+  29. Rxe1
a5  30. a3  axb4
31. axb4  Ra3+  32. c3
Ra7  33. Re8  Re7
34. Rd8+  Ke5  35. Rc8
Kd6  36. Rd8+  Kc7
37. Rh8  h6  38. Ra8
Kb7  39. Ra1  g5
40. Rf1  Re6  41. Kd4
Re4+  42. Kc5  Kc7
0-1

[Event "MCR mladeze, Kouty 2018 - H10"]
[Site "Kouty nad Desnou"]
[Date "2018.03.12"]
[Round "4"]
[White "Barta, David"]
[Black "Buchtova, Viktorie"]
[Result "1-0"]
[WhiteElo "1164"]
[BlackElo "1023"]
[EventDate "2018.03.10"]

1. e4  e5  2. Nf3  Nc6
3. Bc4  Nf6  4. d3
Bc5 5. Nc3 d6  6. Be3  Bg4
7. h3  Bh5  8. Na4
Bb6  9. Nxb6  axb6
10. c3  O-O  11. g4
Bg6  12. h4  h6
13. g5  Nd7  14. h5  Bh7
15. g6  Bxg6  16. hxg6
Nc5  17. Bxf7+  Kh8
18. Bxh6  gxh6  19. Rxh6+
Kg7  20. Rh7+  Kf6
21. Ng5  Kxg5  22. Qh5+
Kf4  23. Qf5#  1-0

[Event "MCR mladeze, Kouty 2018 - H10"]
[Site "Kouty nad Desnou"]
[Date "2018.03.12"]
[Round "4"]
[White "Juracak, David"]
[Black "Ulcak, Michael"]
[Result "1/2-1/2"]
[WhiteElo "1074"]
[BlackElo "1354"]
[EventDate "2018.03.10"]

1. d4 Nf6 2. c4 g6 3. Nc3 d5 4. Nf3 Bg7 5. Bf4 c6 6. Qa4 a6 7. O-O-O dxc4 8. d5
b5 9. dxc6 bxa4 10. Rxd8+ Kxd8 11. c7+ Ke8 12. cxb8=Q Rxb8 13. Bxb8 a3 14. bxa3
Nd7 15. Ba7 Bxc3 16. e3 Ba5 17. Bxc4 e6 18. Bd4 Rg8 19. Rd1 Ke7 20. Ng5 f6 21.
Nxe6 Bb7 22. Bc5+ Nxc5 23. Nxc5 Rc8 24. Rd7+ Ke8 25. Bf7+ Kf8 26. Rxb7 Rxc5+ 27.
Kd1 Rc6 1/2-1/2

[Event "MCR mladeze, Kouty 2018 - H10"]
[Site "Kouty nad Desnou"]
[Date "2018.03.12"]
[Round "4"]
[White "Nguyen, Thai Dang Vi"]
[Black "Taus, Zdenek"]
[Result "1-0"]
[WhiteElo "1435"]
[BlackElo "1152"]
[EventDate "2018.03.10"]

1. e4  e5  2. Nf3  Nc6
3. d4  exd4  4. Nxd4
Bc5  5. Be3  Bb6
6. Nc3  Nf6  7. Bc4
d6  8. Qd2  Qe7
9. f3  Be6  10. Bxe6  fxe6
11. O-O-O  e5  12. Nxc6
Bxe3  13. Qxe3  bxc6
14. g4  Rb8  15. Qxa7
Kd7  16. Na4  Ke6
17. Qa6  Qe8  18. Qc4+
Ke7  19. Nc3 Rb7  20. b3
Qd7  21. Kb2  Rhb8
22. a4  Rb4  23. Qd3
c5  24. Kc1  c6
25. Na2  R4b6  26. Qc3  h5
27. g5  Nh7  28. h4
Nf8  29. f4 Ne6  30. fxe5
Nd4  31. exd6+  Qxd6
32. Qd3  Qf4+  33. Qd2
Ne2+  34. Kb2  Qe5+
35. Nc3  Nd4  36. Ka2
R6b7  37. Rhf1  Qe6
38. Rb1  Ra7  39. Qf4
Rba8  40. Kb2  c4
41. e5  c5  42. Qe3
cxb3  43. Nb5 Rxa4  44. Nxd4
cxd4  45. Qxb3  Qxe5
46. Rfe1  Qxe1  47. Rxe1+
Kd7  48. Qb5+  Kc7
49. Re7+ 1-0

[Event "MCR mladeze, Kouty 2018 - H10"]
[Site "Kouty nad Desnou"]
[Date "2018.03.12"]
[Round "4"]
[White "Veverka, Vladimir"]
[Black "Zemek, Antonin"]
[Result "0-1"]
[WhiteElo "1217"]
[BlackElo "1094"]
[EventDate "2018.03.10"]

1. e4  e5  2. Nf3  Nf6
3. Nc3  Bb4  4. Nxe5
O-O  5. Bc4  d6
6. Nf3  Bxc3  7. dxc3  Nxe4
8. O-O  Nc6  9. Re1
Nf6  10. Bg5  Bf5
11. Bd3  Bg6  12. Nd4
h6  13. Bh4  Nxd4
14. cxd4  d5  15. c3
Qd6  16. Bg3  Qd7
17. f3  c6  18. Qc2
Bxd3  19. Qxd3  Rfe8
20. Re5  Re6  21. Rxe6
Qxe6  22. Re1  Qd7
23. Re3  Re8  24. Re5
Re6  25. Qe3  a6
26. Rxe6  Qxe6  27. Qe5
Kh7 28. Qxe6 fxe6  29. Kf2  Kg6
30. Ke3  Kf5  31. Be5
h5  32. Bxf6  gxf6
33. f4  Kg4  34. Kf2
Kxf4  35. g3+  Ke4
36. Ke2  e5  37. dxe5
fxe5  38. h3  b5
39. a3  c5  40. b3
a5  41. Kf2  d4
42. cxd4  exd4  43. Ke2  c4
44. bxc4  bxc4  45. g4
hxg4  46. hxg4  Kf4
47. g5  Kxg5  48. Kd2
a4  49. Ke2  Kf4
50. Kd2  Kf3  51. Kc1
Ke2  0-1